Yoga for children teacher's handbook / (Record no. 135973)
[ view plain ]
| 000 -LEADER | |
|---|---|
| fixed length control field | 00861nam a22002657a 4500 |
| 003 - CONTROL NUMBER IDENTIFIER | |
| control field | dpl0 |
| 005 - DATE AND TIME OF LATEST TRANSACTION | |
| control field | 20190123160242.0 |
| 008 - FIXED-LENGTH DATA ELEMENTS--GENERAL INFORMATION | |
| fixed length control field | 180713b xxu||||| |||| 00| 0 eng d0 |
| 010 ## - LIBRARY OF CONGRESS CONTROL NUMBER | |
| LC control number | B-107088 |
| 020 ## - INTERNATIONAL STANDARD BOOK NUMBER | |
| Terms of availability | 00.00 |
| International Standard Book Number | 8185053596 |
| 035 ## - SYSTEM CONTROL NUMBER | |
| System control number | B-107088, B-107119, B-107096,B-107119, B-107093, B-107116 |
| 037 ## - SOURCE OF ACQUISITION | |
| Source of stock number/acquisition | Cen Lib/Ret |
| 040 ## - CATALOGING SOURCE | |
| Original cataloging agency | DPL |
| Language of cataloging | EN |
| Transcribing agency | 0 |
| 082 ## - DEWEY DECIMAL CLASSIFICATION NUMBER | |
| Classification number | 613.7 |
| Item number | YOG |
| 110 ## - MAIN ENTRY--CORPORATE NAME | |
| Corporate name or jurisdiction name as entry element | Mumbai.International Board of Yoga |
| 9 (RLIN) | 99906 |
| 245 ## - TITLE STATEMENT | |
| Title | Yoga for children teacher's handbook / |
| 250 ## - EDITION STATEMENT | |
| Edition statement | 3rd ed. |
| 260 ## - PUBLICATION, DISTRIBUTION, ETC. (IMPRINT) | |
| Place of publication, distribution, etc | Mumbai |
| Name of publisher, distributor, etc | International Board of Yoga |
| Date of publication, distribution, etc | 2002 |
| 270 ## - ADDRESS | |
| Address | Prabhat Colony, Santacruz |
| City | Mumbai |
| Postal code | 400055 |
| 300 ## - PHYSICAL DESCRIPTION | |
| Extent | xi,115p. : |
| Dimensions | 20cm(Hb) |
| Other physical details | ill. |
| 500 ## - GENERAL NOTE | |
| General note | Includes bibliographical references and index |
| 650 ## - SUBJECT ADDED ENTRY--TOPICAL TERM | |
| Topical term or geographic name as entry element | Physical Fitness |
| 9 (RLIN) | 19224 |
| 650 ## - SUBJECT ADDED ENTRY--TOPICAL TERM | |
| Topical term or geographic name as entry element | Yoga |
| 9 (RLIN) | 107469 |
| 942 ## - ADDED ENTRY ELEMENTS (KOHA) | |
| Source of classification or shelving scheme | Dewey Decimal Classification |
| Koha item type | English Books |
| Classification part | 613.7 |
| Call number suffix | YOG |
| Withdrawn status | Lost status | Damaged status | Not for loan | Home library | Current library | Date acquired | Source of acquisition | Cost, normal purchase price | Total Checkouts | Full call number | Barcode | Date last seen | Date checked out | Copy number | Cost, replacement price | Price effective from | Koha item type | Source of classification or shelving scheme | Collection code |
|---|---|---|---|---|---|---|---|---|---|---|---|---|---|---|---|---|---|---|---|
| Central Library | Central Library | 12/10/2015 | Cen Lib/Ret | 0.00 | 2 | 613.7 YOG | B-107088 | 03/02/2020 | 14/01/2020 | 1 | 0.00 | 12/10/2015 | English Books | ||||||
| Patel Nagar | Patel Nagar | 18/07/2018 | BPPD/PUB | 50.00 | 613.7 YOG | B-107093 | 18/07/2018 | 50.00 | 18/07/2018 | English Books | Dewey Decimal Classification | Non-fiction | |||||||
| Sarojini Nagar | Sarojini Nagar | 08/05/2019 | 613.7 YOG | B-107122 | 08/05/2019 | 08/05/2019 | English Books | Dewey Decimal Classification | Non-fiction | ||||||||||
| Tri Nagar | Tri Nagar | 14/07/2018 | BPPD/pub | 50.00 | 613.7 YOG | B-107119 | 14/07/2018 | 1 | 50.00 | 14/07/2018 | English Books | Dewey Decimal Classification | Non-fiction | ||||||
| Vigyan Vihar | Vigyan Vihar | 23/01/2019 | BPPD/PUB | 50.00 | 613.7 YOG | B-107116 | 23/01/2019 | 50.00 | 23/01/2019 | English Books | Dewey Decimal Classification | Non-fiction |
